| Tag |
First Indicator |
Second Indicator |
Subfields |
| LEADER |
00000cam a2200000 a 4500 |
| 001 |
in00000082306 |
| 005 |
20151008061125.0 |
| 008 |
810218s1979 dcuak b 00000 engm |
| 010 |
|
|
|a 80149828
|
| 035 |
|
|
|a (OCoLC)07275146
|
| 035 |
|
|
|9 AAJ7357AM
|
| 040 |
|
|
|a DLC
|c DLC
|d m.c.
|d TXA
|d UtOrBLW
|
| 049 |
|
|
|a TXAM
|c [1673129]
|
| 050 |
0 |
0 |
|a TH4812
|b .N33 1979
|
| 082 |
0 |
|
|a 690./837/068
|2 19
|
| 110 |
2 |
|
|a National Association of Home Builders of the United States.
|
| 245 |
1 |
0 |
|a Management manual for the small-volume home builder.
|
| 264 |
|
1 |
|a Washington, D.C. :
|b National Association of Home Builders,
|c [1979]
|
| 264 |
|
4 |
|c ©1979
|
| 300 |
|
|
|a 119 pages :
|b illustrations, forms ;
|c 28 cm.
|
| 336 |
|
|
|a text
|b txt
|2 rdacontent
|
| 337 |
|
|
|a unmediated
|b n
|2 rdamedia
|
| 338 |
|
|
|a volume
|b nc
|2 rdacarrier
|
| 504 |
|
|
|a Includes bibliographical references.
|
| 650 |
|
0 |
|a Dwellings.
|
| 650 |
|
0 |
|a Construction industry
|x Management.
|
| 999 |
|
|
|a MARS
|
| 999 |
f |
f |
|s eba8fe07-12ca-36bc-b029-1407e7b9ba3b
|i d7ac006a-a9fa-36a9-b1a0-c8df96bca109
|t 0
|
| 952 |
f |
f |
|p normal
|a Texas A&M University
|b College Station
|c Sterling C. Evans Library
|d Evans: Library Stacks
|t 0
|e TH4812 .N33 1979
|h Library of Congress classification
|i unmediated -- volume
|m A14806247518
|
| 998 |
f |
f |
|a TH4812 .N33 1979
|t 0
|l Evans: Library Stacks
|